Online Catalogue and eLibrary

Yuda sira kandawurakadee maranaya jayagath minissu : (Record no. 5343)

MARC details
000 -LEADER
fixed length control field 00454nam a2200157Ia 4500
005 - DATE AND TIME OF LATEST TRANSACTION
control field 20250411042600.0
008 - FIXED-LENGTH DATA ELEMENTS--GENERAL INFORMATION
fixed length control field 240331s9999 xx 000 0 und d
020 ## - INTERNATIONAL STANDARD BOOK NUMBER
ISBN 9559060457
082 ## - DDC Classification
Item Number - Author Mark PIL
Class No. 891
100 ## - MAIN ENTRY--PERSONAL NAME
Personal name Pilyar,Y
245 #0 - TITLE STATEMENT
Title Yuda sira kandawurakadee maranaya jayagath minissu :
Remainder of title it all reality happened
260 ## - PUBLICATION, DISTRIBUTION, ETC.
Place of publication, distribution, etc. Colombo
Name of publisher, distributor, etc. Pahan Publication
Date of publication, distribution, etc. 2001
300 ## - PHYSICAL DESCRIPTION
Extent (e.g. Volumes, Pages etc.) 292 p .,
500 ## - GENERAL NOTE
General note Story of People who survive in war zone
942 ## - Koha item type (Biblio)
Koha item type Books in Stacks (Lending)
Holdings
Lost status Damaged status Collection code Home library Current library Shelving location Date acquired Full call number Accession Number Item type
    Lending WERC Library WERC Library Social Science Cupboard 03/31/2024 891.48 PIL 4838 Books in Stacks (Lending)

© WERC Library